<?xml version="1.0" encoding="UTF-8"?><?xml-stylesheet type="text/xsl" href="static/style.xsl"?><OAI-PMH xmlns="http://www.openarchives.org/OAI/2.0/" xmlns:xsi="http://www.w3.org/2001/XMLSchema-instance" xsi:schemaLocation="http://www.openarchives.org/OAI/2.0/ http://www.openarchives.org/OAI/2.0/OAI-PMH.xsd"><responseDate>2026-04-13T11:25:16Z</responseDate><request verb="GetRecord" identifier="oai:www.recercat.cat:2072/414480" metadataPrefix="marc">https://recercat.cat/oai/request</request><GetRecord><record><header><identifier>oai:recercat.cat:2072/414480</identifier><datestamp>2025-02-08T00:23:46Z</datestamp><setSpec>com_2072_98</setSpec><setSpec>col_2072_378192</setSpec></header><metadata><record xmlns="http://www.loc.gov/MARC21/slim" xmlns:dcterms="http://purl.org/dc/terms/" xmlns:xsi="http://www.w3.org/2001/XMLSchema-instance" xmlns:doc="http://www.lyncode.com/xoai" xsi:schemaLocation="http://www.loc.gov/MARC21/slim http://www.loc.gov/standards/marcxml/schema/MARC21slim.xsd">
   <leader>00925njm 22002777a 4500</leader>
   <datafield ind2=" " ind1=" " tag="042">
      <subfield code="a">dc</subfield>
   </datafield>
   <datafield ind2=" " ind1=" " tag="720">
      <subfield code="a">Maheirie, Kátia</subfield>
      <subfield code="e">author</subfield>
   </datafield>
   <datafield ind2=" " ind1=" " tag="720">
      <subfield code="a">Aragon, Leandro Almir</subfield>
      <subfield code="e">author</subfield>
   </datafield>
   <datafield ind2=" " ind1=" " tag="720">
      <subfield code="a">Bruniere, Marcelo Felipe</subfield>
      <subfield code="e">author</subfield>
   </datafield>
   <datafield ind2=" " ind1=" " tag="260">
      <subfield code="c">2017</subfield>
   </datafield>
   <datafield ind2=" " ind1=" " tag="520">
      <subfield code="a">Neste artigo analisamos a criação estética do coletivo de RAP Arma-Zen PRN em sua potência política. Para tanto, partimos do conceito de política em Rancière e do conceito de máquina de guerra em Deleuze e Guattari. As informações foram produzidas por meio de duas entrevistas coletivas realizadas com o coletivo musical, postagens do coletivo e seus membros em redes sociais, imagens de divulgação e letras de músicas. Estas informações foram analisadas a partir da análise do discurso, com base nas informações e na bibliografia estudada. A performance estética deste coletivo se dirige à invenção de um outro modo de ser no mundo que descristaliza experiências. Por fim, encontramos a produção de uma máquina de guerra-pacificadora que visa produzir um modo de ser que combina a potência combativa e revolucionária da arma à potência criadora do zen.</subfield>
   </datafield>
   <datafield ind2=" " ind1=" " tag="520">
      <subfield code="a">This paper analyses the aesthetics creations of Arma-Zen PRN, a RAP group of Brazil. The starting point is the concept of Politics in Rancière and War Machine in Deleuze and Guattari. The information has been produced through two group interviews with the collective of musicians, publications of the collective and its members in social networks, images and lyrics. This information was then analyzed through discourse analysis, based on the information produced and other studies. The aesthetics performance of this group is directed towards the production of new modes of existence in the world that decrystallizes experiences. Finally, we find the production of a peacemaking war machine which seeks to produce a mode of existence that combines the revolutionary power of the weapon, in Arma, with the creative power of the Zen.</subfield>
   </datafield>
   <datafield tag="653" ind2=" " ind1=" ">
      <subfield code="a">Música</subfield>
   </datafield>
   <datafield tag="653" ind2=" " ind1=" ">
      <subfield code="a">Política</subfield>
   </datafield>
   <datafield tag="653" ind2=" " ind1=" ">
      <subfield code="a">Estética</subfield>
   </datafield>
   <datafield tag="653" ind2=" " ind1=" ">
      <subfield code="a">Máquina de guerra</subfield>
   </datafield>
   <datafield tag="653" ind2=" " ind1=" ">
      <subfield code="a">Music</subfield>
   </datafield>
   <datafield tag="653" ind2=" " ind1=" ">
      <subfield code="a">Politics</subfield>
   </datafield>
   <datafield tag="653" ind2=" " ind1=" ">
      <subfield code="a">Aesthetics</subfield>
   </datafield>
   <datafield tag="653" ind2=" " ind1=" ">
      <subfield code="a">War machine</subfield>
   </datafield>
   <datafield ind2="0" ind1="0" tag="245">
      <subfield code="a">A produção de uma máquina de guerra na criação estética do RAP</subfield>
   </datafield>
</record></metadata></record></GetRecord></OAI-PMH>